000 00935nam a2200277 i 4500
003 EG-GICUC
005 20260418090340.0
008 260418s1911 fr |||fr|||| 00| 0 fre d
040 _aEG-GiCUC
_bfre
_cEG-GiCUC
_dEG-GiCUC
_eRda
082 0 4 _221
_a343.3
_bDE. T
092 0 4 _221
099 _aLaw1 10 343.3 DE. T 1911
100 1 _aDegois, D.
_eAuteur
245 _aTRAITE ÉLÉMENTAIRE DE DROIT CRIMINEL :
_bDES ETUDIANTS EN DROIT DE DEUXIEME ANNEE /
_cPAR C. DEGOIS.
264 1 _aParis :
_bLIBRAIRIE DE LA SOCIÉTÉ DU RECUEIL SIREY,
_c1911.
300 _a1015 page ;
_c 24 cm.
336 _2rda contenu
_a texte
337 _2rda medias
_aOrdinateur
338 _2 transporteur rda
_a Ressource en ligne
546 _aTexte en français
650 1 _aDroit de procédure pénale
_2qrmak
651 1 _2qrmak
856 4 0 _uhttps://fll.law.cu.edu.eg/fulltext/bks/B10-00328.pdf
905 _a161
942 _2ddc
_cBK
_e21
_n0
999 _c71588
_d71588